Οι αλλαγές στην τριτοβάθμια εκπαίδευση και πως επηρεάζουν την επαγγελματική ταυτότητα των πανεπιστημιακών : διπλωματική εργασία

Αποθηκεύτηκε σε:
Λεπτομέρειες βιβλιογραφικής εγγραφής
Κύριος συγγραφέας: Λυκούση, Ειρήνη - Παρασκευή
Συγγραφή απο Οργανισμό/Αρχή: Πανεπιστήμιο Αιγαίου Σχολή Επιστημών της Διοίκησης Τμήμα Διοίκησης Επιχειρήσεων Πρόγραμμα Μεταπτυχιακών Σπουδών στη Διοίκηση Επιχειρήσεων - M.B.A
Άλλοι συγγραφείς: Κυριακίδου, Ολίβια, 1972- (Εισηγητής διατριβής)
Μορφή: Thesis Βιβλίο
Γλώσσα:Greek
Δημοσίευση: 2008
Θέματα:
Διαθέσιμο Online:http://hdl.handle.net/11610/13358
Ετικέτες: Προσθήκη ετικέτας
Δεν υπάρχουν, Καταχωρήστε ετικέτα πρώτοι!

MARC

LEADER 00000cam a2200000 i 4500
001 1/99868
008 081219s2008 gre d
035 |l 10102632 
040 |a GR-MY-UA  |b gre  |e aacr 
041 0 |a gre 
082 0 |a 378.101  |2 (22) 
100 1 |a Λυκούση, Ειρήνη - Παρασκευή. 
245 1 3 |a Οι αλλαγές στην τριτοβάθμια εκπαίδευση και πως επηρεάζουν την επαγγελματική ταυτότητα των πανεπιστημιακών :  |b διπλωματική εργασία /  |c Λυκούση Ειρήνη - Παρασκευή ; επιβλέπουσα καθηγήτρια: Κυριακίδου Ολίβια 
260 |c 2008 
300 |a 109 σ.;  |c 30 εκ. 
502 |a Διατριβή (μεταπτυχιακή) – Πανεπιστήμιο Αιγαίου, Χίος, 2008. 
504 |a Περιλαμβάνει βιβλιογραφία 
610 2 0 |a Πανεπιστήμιο Αιγαίου. 
650 0 0 |a Universities and colleges  |x Administration. 
650 0 0 |a Education, Higher  |x Administration. 
650 0 0 |a Organizational change  |x Case studies. 
650 0 0 |a Dissertations, Academic  |z Greece. 
700 1 |a Κυριακίδου, Ολίβια,   |d 1972-  |4 ths 
710 1 |a Πανεπιστήμιο Αιγαίου  |b Σχολή Επιστημών της Διοίκησης  |b Τμήμα Διοίκησης Επιχειρήσεων  |b Πρόγραμμα Μεταπτυχιακών Σπουδών στη Διοίκηση Επιχειρήσεων - M.B.A. 
852 |a INST  |b CHIOS  |c DIATR  |e 20081219  |h 378.101 ΛΥΚ  |p 005200031022  |q 005200031022  |t MTXE  |y 23 
852 |a INST  |b CHIOS  |c DIATR  |e 20081219  |h 378.101 ΛΥΚ  |p 005200031023  |q 005200031023  |t MTXE  |y 23 
856 |u http://hdl.handle.net/11610/13358 
901 |a BIBL2-2008-3 
909 |a Χ  |b 146687 
909 |a Χ  |b 146688 
924 |a Λυκούση  |b Ειρήνη - Παρασκευή  |y Χίος  |z 2008-10 
970 |a Βασιλάκη  |b Νίκη  |z 2008/12/19